00475 2200193 4500245005000000020002200050250001100072100002000083700001200103700001000115650001700125005001900142260004100161041001400202084001300216300003200229336000900261338001100270 aChef Mitsuboshi Vol. 4cYakou, TsuyoshihText a978-602-02-2028-4 aCet. 1 aYakou, Tsuyoshi aBinarti aNinuk aKomik Jepang a20230202080843 aJakartabElex Media Komputindoc2013 aIndonesia a741.5592 a... jil. :bilus. ;c17 cm. atext avolume